北海道の消滅した駅名 - Statistics

General Stats
  • This quiz has been taken 48 times
  • The average score is 149 of 945
Answer Stats
% Correct
江差
83%
増毛
83%
夕張
81%
留萌
81%
広尾
78%
様似
75%
新十津川
72%
上ノ国
64%
北見枝幸
64%
旧白滝
64%
清水
64%
瀬棚
64%
浜頓別
64%
幌加
64%
湧別
64%
興部
61%
上士幌
61%
上白滝
61%
士幌
61%
中標津
61%
中頓別
61%
松前
61%
紋別
61%
浦臼
58%
幸福
58%
静内
58%
58%
峠下
58%
流山温泉
58%
羽幌
58%
幌加内
58%
岩内
56%
歌志内
56%
上砂川
56%
清水沢
56%
朱鞠内
56%
中湧別
56%
日高門別
56%
陸別
56%
愛国
53%
浦河
53%
鬼志別
53%
京極
53%
猿払
53%
下徳富
53%
東六線
53%
飛行場前
53%
石狩月形
50%
遠別
50%
50%
声問
50%
佐呂間
50%
南比布
50%
47%
足寄
47%
北比布
47%
寿
47%
下白滝
47%
知内
47%
大樹
47%
銚子口
47%
天塩
47%
中札内
47%
西興部
47%
西様似
47%
日高町
47%
47%
紋穂内
47%
糸魚沢
44%
恵比島
44%
大狩部
44%
鹿ノ谷
44%
尺別
44%
渚滑
44%
寿都
44%
十勝三股
44%
根室
44%
張碓
44%
美々
44%
蕨岱
44%
石狩当別
42%
大和田
42%
北剣淵
42%
喜茂別
42%
訓子府
42%
初山別
42%
豊ヶ岡
42%
豊清水
42%
新冠
42%
花咲
42%
別海
42%
本別
42%
南清水沢
42%
石狩金沢
39%
絵笛
39%
於札内
39%
滝ノ上
39%
知来
39%
富内
39%
根室標津
39%
箸別
39%
日高三石
39%
藤山
39%
幌糠
39%
真布
39%
南美深
39%
紅葉山
39%
湯ノ岱
39%
礼受
39%
奥白滝
36%
渡島福島
36%
音更
36%
小平
36%
雄武
36%
恩根
36%
金華
36%
上幌延
36%
北見滝ノ上
36%
下士別
36%
小頓別
36%
忠類
36%
直別
36%
知来乙
36%
手宮
36%
苫前
36%
中徳富
36%
南幌
36%
東声問
36%
東風連
36%
古瀬
36%
本石倉
36%
万字
36%
安牛
36%
池田園
33%
伊納
33%
宇遠内
33%
雨竜
33%
置戸
33%
渡島鶴岡
33%
上興部
33%
上音威子府
33%
上雄信内
33%
上越
33%
上徳富
33%
上湧別
33%
湖畔
33%
更別
33%
下川
33%
朱文別
33%
壮瞥
33%
鶴沼
33%
十三里
33%
頓別
33%
西名寄
33%
姫川
33%
北進
33%
幌内
33%
三笠
33%
阿分
31%
生野
31%
石狩太美
31%
晩生内
31%
北見相生
31%
31%
札的
31%
舎熊
31%
天塩弥生
31%
天幕
31%
登川
31%
初田牛
31%
浜田浦
31%
東町
31%
日高東別
31%
日高幌別
31%
福島
31%
北星
31%
北竜
31%
万字炭山
31%
南下徳富
31%
稚内
31%
今金
28%
上厚内
28%
上名寄
28%
北母子里
28%
岐阜橋
28%
将軍山
28%
定山渓
28%
神明
28%
多度志
28%
千歳空港
28%
中越
28%
中名寄
28%
仁宇布
28%
糠平
28%
信砂
28%
歯舞
28%
東山
28%
敏音知
28%
宮越
28%
本中小屋
28%
厚賀
25%
幾春別
25%
石谷
25%
稲士別
25%
雨煙別
25%
25%
鵜苫
25%
大夕張
25%
荻伏
25%
奥行臼
25%
神居古潭
25%
北遠軽
25%
北豊津
25%
北日ノ出
25%
小石
25%
25%
沙留
25%
汐見
25%
標茶
25%
島ノ下
25%
瀬越
25%
節婦
25%
大正
25%
弟子屈
25%
東雲
25%
常呂
25%
富川
25%
中興部
25%
中小屋
25%
沼川
25%
沼ノ沢
25%
羽帯
25%
春立
25%
班渓
25%
東静内
25%
本桐
25%
曲淵
25%
幕別
25%
松音知
25%
安別
25%
留産
25%
稚内桟橋
25%
浅茅野
22%
芦野
22%
一本松
22%
渡島吉岡
22%
桂岡
22%
上多度志
22%
上頓別
22%
上幌加内
22%
神威
22%
川西
22%
共栄
22%
恵北
22%
越川
22%
五十石
22%
札比内
22%
四号線
22%
智東
22%
津別
22%
富里
22%
豊郷
22%
函館
22%
東京極
22%
東札幌
22%
南弟子屈
22%
元紋別
22%
山軽
22%
吉岡海底
22%
吉堀
22%
阿寒
19%
朝日
19%
歌内
19%
桂川
19%
樺岡
19%
上更別
19%
神路
19%
上渚滑
19%
清畠
19%
久保内
19%
計呂地
19%
小向
19%
鹿追
19%
鹿部
19%
下頓別
19%
斜里
19%
新大滝
19%
政和
19%
政和温泉
19%
築別
19%
月ヶ岡
19%
十勝東和
19%
富岡
19%
豊野
19%
中須田
19%
沼ノ上
19%
蟠渓
19%
辺渓
19%
蓬栄
19%
南大夕張
19%
南京極
19%
目梨泊
19%
19%
六郷
19%
鷲ノ巣
19%
旭岡
17%
石狩橋本
17%
石坂
17%
宇津
17%
岡女堂
17%
渡島知内
17%
雄武共栄
17%
開盛
17%
上白糠
17%
上茶路
17%
上常呂
17%
上長和
17%
北愛国
17%
北上徳富
17%
北檜山
17%
共進
17%
計根別
17%
弘道
17%
琴平
17%
下鶉
17%
斜内
17%
十六号
17%
新生
17%
新富
17%
添牛内
17%
鷹泊
17%
月寒
17%
常盤
17%
豊浜
17%
西春別
17%
沼牛
17%
野塚
17%
浜佐呂間
17%
浜中海水浴場
17%
東追分
17%
東幌糠
17%
北興
17%
幌成
17%
真駒内
17%
円山
17%
南下沼
17%
南斜里
17%
恵野
17%
湯ノ里
17%
依田
17%
六興
17%
愛冠
14%
旭浜
14%
芦川
14%
石狩追分
14%
磯分内
14%
一ノ橋
14%
宇摩
14%
大沼
14%
上春別
14%
上目名
14%
川上
14%
寒別
14%
北鈴川
14%
北湯沢
14%
桜庭
14%
沢木
14%
潮見町
14%
志撫子
14%
下幌成
14%
シューパロ湖
14%
周磨
14%
常紋
14%
白樺
14%
新栄野
14%
新成生
14%
新弥生
14%
千軒
14%
高島
14%
天塩栄
14%
電力所前
14%
問牧
14%
徳光
14%
豊牛
14%
豊似
14%
豊平
14%
二ノ橋
14%
花石
14%
浜床丹
14%
東鶉
14%
東美深
14%
東森
14%
平取
14%
蕗ノ台
14%
振内
14%
北湧
14%
北光社
14%
穂別
14%
前田
14%
14%
元沢木
14%
力昼
14%
厚真
11%
泉川
11%
伊奈牛
11%
入鹿別
11%
岩知志
11%
卯原内
11%
大曲
11%
大森
11%
渡島大沢
11%
小樽
11%
鬼鹿
11%
大誉地
11%
温泉
11%
春日
11%
上江別
11%
上駒
11%
川北
11%
北岡
11%
北見共立
11%
北見平和
11%
国富
11%
興生沢
11%
古丹別
11%
駒場
11%
栄丘
11%
栄町
11%
様舞
11%
清水谷
11%
下越川
11%
下渚滑
11%
下中川
11%
十四号
11%
春別
11%
小利別
11%
昭和
11%
白符
11%
新士幌
11%
新夕張
11%
滝ノ下
11%
茶屋川
11%
茶路
11%
天塩有明
11%
当幌
11%
床丹
11%
常呂港
11%
豊城
11%
豊田
11%
中士幌
11%
中渚滑
11%
西訓子府
11%
西二線
11%
仁世宇
11%
春採
11%
芭露
11%
番屋ノ沢
11%
日高岩内
11%
日高三岡
11%
美利河
11%
二見中央
11%
分線
11%
碧水
11%
幌毛志
11%
真狩
11%
丸山
11%
南雨竜
11%
南本別
11%
紅葉橋
11%
森越
11%
室蘭
11%
矢文
11%
山臼
11%
弥生
11%
夕張本町
11%
若里
11%
脇方
11%
稚内港
11%
8%
芦の湯前
8%
網走
8%
軍川
8%
以久科
8%
渭ノ津
8%
入山
8%
色内
8%
上平
8%
遠幌
8%
大椴
8%
大沼公園
8%
大夕張炭山
8%
重内
8%
開栄
8%
角田
8%
歌神
8%
上厚真
8%
神丘
8%
上武佐
8%
亀田
8%
我路
8%
川湯
8%
北頓別
8%
北平和
8%
北見富丘
8%
木野
8%
協和
8%
薫別
8%
高校通り
8%
光進
8%
小清水
8%
幸町
8%
境野
8%
堺橋
8%
参郷
8%
三泊
8%
鹿越
8%
下政和
8%
下北進
8%
十六号線
8%
新二岐
8%
仙美里
8%
千松
8%
達布
8%
玉川
8%
多和
8%
継立
8%
天塩金浦
8%
土佐
8%
豊住
8%
中雨竜
8%
中の丘
8%
濁川
8%
西一線
8%
西歌
8%
錦沢
8%
西前田
8%
西町アパート前
8%
仁倉
8%
能取
8%
萩ヶ岡
8%
花岡
8%
東篠路
8%
東富丘
8%
日ノ出
8%
平糸
8%
二見ヶ岡
8%
平和
8%
幌似
8%
簾舞
8%
御園
8%
三井芦別
8%
武儀
8%
元西
8%
焼山
8%
山の手町
8%
勇足
8%
優徳
8%
雄別炭山
8%
湯別
8%
蘭島
8%
霊園前
8%
若菜
8%
明石町
6%
旭通
6%
石切山
6%
磯谷
6%
臼谷
6%
歌越
6%
歌棄
6%
営林署前
6%
大沼温泉
6%
大谷地
6%
沖根婦
6%
奥東
6%
興津
6%
黄金蘂
6%
長流
6%
及部
6%
活汲
6%
上志文
6%
上利別
6%
上美幌
6%
上美流渡炭山
6%
萱野
6%
軽川
6%
干拓
6%
北川口
6%
北住吉
6%
北長沼
6%
清真台
6%
屈足
6%
黒石平
6%
啓明
6%
高校前
6%
厚生病院前
6%
小金湯
6%
五鹿山
6%
古潭
6%
作返
6%
笹森
6%
更岸
6%
砂原
6%
自衛隊前
6%
塩幌
6%
敷生
6%
下芦別
6%
下ノ滝
6%
下の月
6%
尺別炭山
6%
十五島公園
6%
上東
6%
知人
6%
知床
6%
新釧路
6%
新清水沢
6%
新銚子口
6%
新七重浜
6%
陣屋町
6%
末広
6%
澄川
6%
石勝高原
6%
空知太
6%
滝里
6%
滝の沢
6%
種川
6%
千年町
6%
中央農試前
6%
天塩大沢
6%
天北栄
6%
唐松
6%
東明
6%
常盤台
6%
富丘
6%
友知
6%
豊岬
6%
豊滝
6%
豊富
6%
豊幌
6%
中川口
6%
中の川
6%
中ノ岱
6%
中能取
6%
新内
6%
西老軽舞
6%
錦橋
6%
西富
6%
ニナルカ
6%
丹羽
6%
縫別
6%
糠平ダム
6%
布川
6%
熱郛
6%
晩翠
6%
盤の沢
6%
東輪西
6%
美唄炭山
6%
美留和
6%
フイハップ浜
6%
藤の沢
6%
双葉
6%
振老
6%
婦羅理
6%
北海鋼機前
6%
穂波
6%
幌内住吉
6%
本岐
6%
本郷
6%
誉平
6%
真栄町
6%
真谷地
6%
門別
6%
夕製前
6%
雄鎮内
6%
雄鉄昭和
6%
頼城
6%
留萠
6%
緑泉
6%
若葉
6%
輪西
6%
相ノ内
3%
旭町
3%
跡佐登
3%
虻田
3%
一の沢
3%
宇津内
3%
ウノシコイチャルシベ
3%
沖内
3%
沖根部
3%
忍路
3%
開拓
3%
角田坑
3%
春日町
3%
上赤平
3%
上帯広
3%
上清川
3%
上斜里
3%
上築別
3%
上美生
3%
上広野
3%
狩勝
3%
狩太
3%
北一己
3%
北彩都あさひかわ
3%
北里
3%
北園
3%
清川農場前
3%
共成
3%
共和学校
3%
清真布
3%
熊牛
3%
礦業所前
3%
工場前
3%
幸成
3%
古賀町
3%
五ヶ山
3%
五線
3%
駒見
3%
桜田
3%
札鶴
3%
佐幌
3%
去場
3%
三坑
3%
紫雲古津
3%
慈恵学園
3%
静内海水浴場
3%
下相ノ内
3%
下頃部
3%
下藤野
3%
下湧別
3%
社尺別
3%
宿野辺
3%
曙光
3%
白糸の滝
3%
新嵐山
3%
新雨竜
3%
新尺別
3%
新雄別
3%
住吉
3%
大学前
3%
大昭
3%
鷹待
3%
宝沢
3%
太刀別
3%
達美
3%
樽岸
3%
築別炭砿
3%
鶴野
3%
天塩住吉
3%
洞爺湖
3%
十勝稲田
3%
十勝清川
3%
戸蔦
3%
豊西
3%
鳥ノ沢
3%
中園
3%
七線沢
3%
錦多峰
3%
西永山
3%
西振老
3%
ニタトロマップ
3%
荷菜
3%
沼尻
3%
沼田
3%
寧楽
3%
農学校前
3%
野田追
3%
野付牛
3%
白山
3%
八幡前
3%
美栄
3%
東相ノ内
3%
東奈井江
3%
東簾舞
3%
美生
3%
広郷
3%
広野
3%
袋地
3%
分岐点
3%
北斗
3%
幌倉
3%
幌新
3%
幌内太
3%
本通
3%
本町
3%
真澄町
3%
丸松
3%
南咲来
3%
南美唄
3%
美野
3%
見晴
3%
美流渡
3%
向ヶ丘
3%
基松
3%
文珠
3%
八千代
3%
山越内
3%
山花
3%
止若
3%
四中前
3%
浅野炭山
0%
旭ヶ岡
0%
旭野
0%
郁春別
0%
生鼈
0%
一坑
0%
入舟町
0%
牛ノ沢
0%
宇戸内
0%
瓜幕
0%
駅逓
0%
大平
0%
押出
0%
尾白内学校裏
0%
小樽中央
0%
帯広大通
0%
小鉾岸
0%
穏禰平
0%
開運町
0%
会場前
0%
上相ノ内
0%
上生田原
0%
上長流
0%
上札鶴
0%
上然別
0%
上千歳
0%
上美蔓
0%
上別保
0%
上幌内
0%
上鵡川
0%
上勇払
0%
仮止別
0%
川上温泉
0%
観月園
0%
木金似
0%
北一ノ沢
0%
北茨木
0%
北入江
0%
北熊牛
0%
北五条
0%
北笹川
0%
杵臼
0%
競馬場前
0%
慶能舞
0%
原生花園
0%
碁盤坂
0%
材木町
0%
坂上
0%
崎守町
0%
桜ケ丘
0%
桜山
0%
佐念頃
0%
佐瑠太
0%
猿間川
0%
山道
0%
鹿部温泉
0%
舌辛
0%
下生田原
0%
下佐呂間
0%
下清水
0%
下美蔓
0%
下富良野
0%
下幌内
0%
社芦別
0%
社名淵
0%
十哩
0%
女学校前
0%
城山
0%
新帯広
0%
新川
0%
新幌内
0%
新本別
0%
瀬戸牛
0%
釧北
0%
第一農場前
0%
第二農場前
0%
第二発電所
0%
第四発電所
0%
高江
0%
高丘
0%
筑紫
0%
茶志内炭鉱
0%
中央小樽
0%
天塩本郷
0%
度杭崎
0%
徳舜瞥
0%
豊泉
0%
中瓜幕
0%
中音更
0%
中佐呂間
0%
中鹿追
0%
永住町
0%
中土場
0%
中美蔓
0%
西芦別
0%
西喜茂別
0%
似湾
0%
沼貝
0%
農場前
0%
野上
0%
野坂
0%
野幌バス停留所
0%
配給所裏
0%
波恵
0%
白山坑
0%
初茶志内
0%
芭呂沢
0%
東瓜幕
0%
東掛澗
0%
東倶知安
0%
東佐瑠太
0%
引臼
0%
人舞
0%
平戸前
0%
伏古
0%
古樋
0%
辺富内
0%
辺渓三坑
0%
辺別
0%
辨辺
0%
幌向太
0%
奔無加
0%
奔茂尻
0%
真砂町
0%
水溜
0%
三井奈井江
0%
三菱上芦別
0%
緑ヶ丘
0%
緑ヶ岡
0%
南大平
0%
南熊牛
0%
南新得
0%
南幌向
0%
宮の浜
0%
萠別
0%
本村
0%
谷地坊主村
0%
山線苫小牧
0%
優園
0%
夕振
0%
湯波内
0%
油谷炭鉱
0%
米町
0%
淕別
0%
臨港
0%
若菜辺
0%
No matching quizzes found
Score Distribution
Percent of People with Each Score
Percentile by Number Answered
Your Score History
You have not taken this quiz